Legendy Euro - Jaki Kraj? - Statystyki

Ogólne statystyki
  • Ten quiz został rozwiązany 71 razy
  • Średni wynik to 10 z 16
Statystyki odpowiedzi
Hint Odpowiedź % Poprawnych
Frank Rijkaard Holandia
92%
Theodoros Zagorakis Grecja
86%
Luis Suarez Hiszpania
85%
Nuno Gomes Portugalia
83%
Karel Poborsky Czechy
82%
Jupp Heynckes RFN
69%
Marco Tardelli Włochy
68%
Hamit Altintop Turcja
63%
Antonin Panenka Czechosłowacja
58%
Jean Tigana Francja
51%
Michael Krohn-Delhi Dania
48%
Dragan Dzajic Jugosławia
45%
Tomas Brolin Szwecja
45%
Hal Robson-Kanu Walia
40%
Wiktor Poniedielnik ZSRR
34%
Mario Gavranovic Szwajcaria
31%
Nie znaleziono quizów pasujących do podanych kryteriów
Rozkład punktacji
Procent ludzi z każdym wynikiem
Percentyl według liczby udzielonych odpowiedzi
Twoja historia wyników
Nie rozwiązałeś tego quizu